Gases in the atmosphere of Venus - Statistics

General Stats
  • This quiz has been taken 59 times
  • The average score is 4 of 8
Answer Stats
Parts per million of gas Gas % Correct
965,000 Carbon dioxide
85%
35,000 Nitrogen
77%
12 Helium
70%
70 Argon
62%
7 Neon
49%
150 Sulfur dioxide
34%
17 Carbon monoxide
32%
20 Water vapour
28%
No matching quizzes found
Score Distribution
Percent of People with Each Score
Percentile by Number Answered
Your Score History
You have not taken this quiz